[Event "30. Open El Corte Inglés 2009 "]
[Site "Las Palmas de Gran Canaria"]
[Date "2009.12.04"]
[Round "3.5"]
[White "Tatai, Stefano"]
[Black "Morales Quintero, Jose Miguel"]
[Result "1-0"]
[WhiteElo "2347"]
[BlackElo "2091"]
[PlyCount "43"]
[EventDate "2009.12.02"]
[EventType "swiss"]
[EventRounds "9"]
[EventCountry "ESP"]
[Source "lmi"]
[SourceDate "2009.12.02"]

1. e4 d6 2. d4 Nf6 3. Nc3 g6 4. Nf3 Bg7 5. h3 O-O 6. Be3 Nbd7 7. Be2 c5 8. O-O
b6 9. a4 Bb7 10. d5 a6 11. Qd2 Re8 12. Bh6 Bh8 13. Rfe1 Qc7 14. Bc4 Ne5 15.
Nxe5 dxe5 16. f4 Rad8 17. f5 e6 18. fxe6 fxe6 19. Qe2 exd5 20. exd5 Nxd5 21.
Rad1 Qf7 22. Qe4 1-0

[Event "30. Open El Corte Inglés 2009 "]
[Site "Las Palmas de Gran Canaria"]
[Date "2009.12.04"]
[Round "3.6"]
[White "Garcia Roman, Jose Luis Machado"]
[Black "Menvielle Laccourreye, Augusto"]
[Result "0-1"]
[WhiteElo "2021"]
[BlackElo "2281"]
[PlyCount "120"]
[EventDate "2009.12.02"]
[EventType "swiss"]
[EventRounds "9"]
[EventCountry "ESP"]
[Source "lmi"]
[SourceDate "2009.12.02"]

1. b4 Nf6 2. Bb2 e6 3. b5 d5 4. e3 c5 5. c4 Nbd7 6. Nf3 Be7 7. a4 O-O 8. Na3
Re8 9. Be2 Bf8 10. O-O e5 11. cxd5 e4 12. Ne1 Nxd5 13. d3 exd3 14. Nxd3 N7f6
15. Nc4 Be6 16. Rc1 Rc8 17. Bf3 Nd7 18. a5 Be7 19. Qa4 Qc7 20. Rfd1 Red8 21. g3
Bf6 22. Rd2 Bxb2 23. Rxb2 Nb4 24. Nxb4 cxb4 25. Qxb4 Qc5 26. Bxb7 Qxb4 27. Rxb4
Rc5 28. f4 Nf6 29. b6 axb6 30. axb6 Bd5 31. Rd1 Rb8 32. Nd6 Kf8 33. Ba6 Rc2 34.
e4 Rc6 35. Nc8 Be6 36. Rd8+ Ne8 37. Rbd4 Bxc8 38. Bb5 Rbxb6 39. Rc4 Rxb5 40.
Rxc6 Bb7 41. Rc7 Rb6 42. Rb8 Rb1+ 43. Kf2 Bxe4 44. Rxb1 Bxb1 45. Rb7 Be4 46.
Ra7 f5 47. Ke3 Nf6 48. Kd4 h6 49. Ke5 Ng4+ 50. Ke6 Nxh2 51. Rc7 Kg8 52. Ke7 Ng4
53. Rc8+ Kh7 54. Kf8 Nf6 55. Rc7 Nh5 56. Re7 Kg6 57. g4 Nxf4 58. Rxg7+ Kf6 59.
Rf7+ Kg5 60. Rg7+ Ng6+ 0-1

[Event "30. Open El Corte Inglés 2009 "]
[Site "Las Palmas de Gran Canaria"]
[Date "2009.12.04"]
[Round "3.7"]
[White "Galvan Sarmiento, Jose Luis"]
[Black "Morales Camacho, Julian"]
[Result "1-0"]
[WhiteElo "2017"]
[BlackElo "2234"]
[PlyCount "99"]
[EventDate "2009.12.02"]
[EventType "swiss"]
[EventRounds "9"]
[EventCountry "ESP"]
[Source "lmi"]
[SourceDate "2009.12.02"]

1. d4 Nf6 2. Nf3 e6 3. c4 d5 4. Nc3 Bb4 5. Bg5 Nbd7 6. e3 c5 7. Bd3 Qa5 8. Qb3
Ne4 9. Bxe4 dxe4 10. Ne5 f6 11. Nxd7 Bxd7 12. O-O fxg5 13. Nxe4 cxd4 14. exd4
Ba4 15. Qe3 Be7 16. d5 O-O 17. b3 Bd7 18. d6 Bf6 19. Nc5 Bc6 20. Rad1 e5 21.
Ne6 Rf7 22. Rd2 e4 23. Rfd1 Qe5 24. Nc7 Rxc7 25. dxc7 Qxc7 26. b4 Qf4 27. Qc5
Ba4 28. g3 Qf3 29. Re1 h5 30. b5 h4 31. Re3 Qh5 32. Qd5+ Kh8 33. Qxe4 hxg3 34.
Rxg3 g4 35. Rxg4 Re8 36. Qf3 a6 37. Rd5 Qh6 38. Rh4 Bxh4 39. Rh5 Re1+ 40. Kg2
Re6 41. Rxh6+ Rxh6 42. Qxb7 axb5 43. cxb5 Bd1 44. a4 Rf6 45. Qa8+ Kh7 46. Qe4+
Rg6+ 47. Kf1 Bf6 48. a5 Bg4 49. a6 Bh3+ 50. Ke2 1-0

[Event "30. Open El Corte Inglés 2009 "]
[Site "Las Palmas de Gran Canaria"]
[Date "2009.12.04"]
[Round "3.8"]
[White "Martin Hernandez, Ruben"]
[Black "Angel Acosta, Juan Carlos"]
[Result "1/2-1/2"]
[WhiteElo "1987"]
[BlackElo "2197"]
[PlyCount "139"]
[EventDate "2009.12.02"]
[EventType "swiss"]
[EventRounds "9"]
[EventCountry "ESP"]
[Source "lmi"]
[SourceDate "2009.12.02"]

1. e4 c5 2. Nf3 e6 3. d4 cxd4 4. Nxd4 a6 5. Bd3 Nf6 6. O-O d6 7. c4 Nbd7 8. Nc3
Qc7 9. Kh1 Ne5 10. Qe2 Be7 11. f4 Nxd3 12. Qxd3 O-O 13. Bd2 Bd7 14. Rae1 Rad8
15. b3 Bc8 16. Bc1 b6 17. Bb2 Nd7 18. Qe2 Bf6 19. Qe3 g6 20. Nf3 Bb7 21. Rf2
Bg7 22. Rd2 Nf6 23. Rde2 Rfe8 24. Nd2 Qc6 25. Nf3 Qc7 26. Rd1 e5 27. fxe5 Ng4
28. Qc1 Bh6 29. Qa1 Qc5 30. Na4 Qc7 31. Bd4 dxe5 32. Bxb6 Rxd1+ 33. Qxd1 Qb8
34. h3 Nf6 35. Qe1 Bc6 36. Bf2 Bxa4 37. bxa4 Qa8 38. c5 Qc6 39. Qb4 Re6 40. Qc4
Bf8 41. Re1 Nd7 42. Rc1 Nf6 43. Re1 Nd7 44. Rc1 Nb8 45. Rd1 Be7 46. Rd5 Qc7 47.
Qd3 Nc6 48. Qxa6 Nb4 49. Qb5 Nxd5 50. exd5 Rf6 51. d6 Bxd6 52. cxd6 Rxd6 53.
Qe8+ Kg7 54. Qxe5+ f6 55. Qc5 Rd1+ 56. Ng1 Qd7 57. Qa7 Qxa7 58. Bxa7 Ra1 59.
Bb6 Rxa2 60. a5 h5 61. Nf3 g5 62. Nd4 Kf7 63. Nb3 g4 64. hxg4 hxg4 65. Kh2 f5
66. Kg3 Ra3 67. Kf4 Rxb3 68. Kxf5 Rg3 69. a6 Rxg2 70. a7 1/2-1/2

[Event "30. Open El Corte Inglés 2009 "]
[Site "Las Palmas de Gran Canaria"]
[Date "2009.12.04"]
[Round "3.9"]
[White "Gutierrez Olivares, Daniel"]
[Black "Acosta Sosa, Juan Manuel"]
[Result "1-0"]
[WhiteElo "2177"]
[BlackElo "2014"]
[PlyCount "83"]
[EventDate "2009.12.02"]
[EventType "swiss"]
[EventRounds "9"]
[EventCountry "ESP"]
[Source "lmi"]
[SourceDate "2009.12.02"]

1. Nf3 d5 2. e3 Nf6 3. b3 c5 4. Bb2 Nc6 5. Bb5 Bd7 6. O-O a6 7. Bxc6 Bxc6 8. d3
e6 9. Qe2 Be7 10. a4 b5 11. Ne5 Bb7 12. c4 b4 13. Nd2 O-O 14. f4 Nd7 15. Ng4 a5
16. Rf3 dxc4 17. Nh6+ Kh8 18. Bxg7+ Kxg7 19. Rg3+ Kh8 20. Qg4 Bg5 21. fxg5 cxd3
22. Rf1 Qe7 23. Qh5 f5 24. g6 Qg7 25. Nf7+ Rxf7 26. gxf7 Qf6 27. e4 f4 28. Rg8+
Rxg8 29. fxg8=Q+ Kxg8 30. Qg4+ Qg6 31. Qxf4 e5 32. Qh4 Bc6 33. Qd8+ Kg7 34.
Qe7+ Kg8 35. Rf3 Kh8 36. Rf8+ Nxf8 37. Qxf8+ Qg8 38. Qf6+ Qg7 39. Qxc6 Qg4 40.
Qe8+ Kg7 41. Qxe5+ Kg8 42. Qg3 1-0

[Event "30. Open El Corte Inglés 2009 "]
[Site "Las Palmas de Gran Canaria"]
[Date "2009.12.05"]
[Round "4.1"]
[White "Menvielle Laccourreye, Augusto"]
[Black "Kurajica, Bojan"]
[Result "0-1"]
[WhiteElo "2281"]
[BlackElo "2517"]
[PlyCount "80"]
[EventDate "2009.12.02"]
[EventType "swiss"]
[EventRounds "9"]
[EventCountry "ESP"]
[Source "lmi"]
[SourceDate "2009.12.02"]

1. e4 c5 2. Nf3 Nc6 3. d4 cxd4 4. Nxd4 Qb6 5. Nb3 Nf6 6. Nc3 e6 7. Bd3 a6 8.
O-O Qc7 9. f4 d6 10. Qf3 Be7 11. Bd2 O-O 12. Kh1 b5 13. a3 Rb8 14. Rae1 b4 15.
axb4 Nxb4 16. Nb5 Rxb5 17. Bxb5 Nxc2 18. Rc1 axb5 19. Qd3 Qc4 20. Qxc2 Nxe4 21.
Na5 Qxc2 22. Rxc2 Nxd2 23. Rxd2 Re8 24. Nc6 Bf8 25. Na7 b4 26. Rc1 Bb7 27. Nb5
Rd8 28. Rc7 Be4 29. Kg1 d5 30. Rd1 Rb8 31. Nd4 Bd6 32. Rd7 Bxf4 33. Nc6 Ra8 34.
Nxb4 h5 35. Nd3 Be3+ 36. Kf1 Rc8 37. Ke2 Bg5 38. Ne1 Rb8 39. Nd3 h4 40. Rf1 Rb3
0-1

[Event "30. Open El Corte Inglés 2009 "]
[Site "Las Palmas de Gran Canaria"]
[Date "2009.12.05"]
[Round "4.2"]
[White "Barlov, Dragan"]
[Black "Tatai, Stefano"]
[Result "1/2-1/2"]
[WhiteElo "2488"]
[BlackElo "2347"]
[PlyCount "40"]
[EventDate "2009.12.02"]
[EventType "swiss"]
[EventRounds "9"]
[EventCountry "ESP"]
[Source "lmi"]
[SourceDate "2009.12.02"]

1. d4 d5 2. c4 e6 3. Nc3 Nf6 4. Bg5 Be7 5. e3 h6 6. Bh4 O-O 7. Nf3 b6 8. Qb3
Bb7 9. Bxf6 Bxf6 10. cxd5 exd5 11. Rd1 Re8 12. Bd3 c6 13. O-O Nd7 14. Rfe1 Qc7
15. e4 dxe4 16. Nxe4 Qf4 17. Bb1 c5 18. d5 Ne5 19. Nxe5 Qxe5 20. Nxf6+ Qxf6
1/2-1/2

[Event "30. Open El Corte Inglés 2009 "]
[Site "Las Palmas de Gran Canaria"]
[Date "2009.12.05"]
[Round "4.3"]
[White "Torres Maesso, Pedro"]
[Black "Belezky, Alexander"]
[Result "0-1"]
[WhiteElo "2171"]
[BlackElo "2455"]
[PlyCount "94"]
[EventDate "2009.12.02"]
[EventType "swiss"]
[EventRounds "9"]
[EventCountry "ESP"]
[Source "lmi"]
[SourceDate "2009.12.02"]

1. c4 e5 2. Nc3 Nc6 3. Nf3 Nf6 4. e3 Bb4 5. Qc2 Bxc3 6. Qxc3 Qe7 7. a3 d5 8. d4
exd4 9. Nxd4 Nxd4 10. Qxd4 O-O 11. cxd5 Rd8 12. Bc4 Nxd5 13. O-O c5 14. Qd2 Be6
15. Qc2 Qh4 16. b3 Nc7 17. Bb2 Bxc4 18. bxc4 Qe7 19. Rad1 Rxd1 20. Rxd1 Rd8 21.
g3 f6 22. Qe2 b6 23. h4 Ne8 24. Rd5 Rxd5 25. cxd5 Qe4 26. Qb5 Nc7 27. Qd7 Nxd5
28. h5 h6 29. Qxa7 Nxe3 30. fxe3 Qb1+ 31. Kf2 Qxb2+ 32. Kf3 Qb1 33. a4 Qf1+ 34.
Ke4 Qh1+ 35. Kf4 Qf1+ 36. Ke4 Qg2+ 37. Kd3 Qd5+ 38. Kc3 Qe5+ 39. Kd3 Qxh5 40.
Qxb6 Qd1+ 41. Kc4 Qxa4+ 42. Kxc5 Qe4 43. Qb3+ Kh8 44. Qc3 Kh7 45. Qe1 Kg6 46.
Kd6 Kf5 47. Qd1 Qe6+ 0-1

[Event "30. Open El Corte Inglés 2009 "]
[Site "Las Palmas de Gran Canaria"]
[Date "2009.12.05"]
[Round "4.4"]
[White "Ortega Hermida, Daniel"]
[Black "Gutierrez Olivares, Daniel"]
[Result "1/2-1/2"]
[WhiteElo "2390"]
[BlackElo "2177"]
[PlyCount "45"]
[EventDate "2009.12.02"]
[EventType "swiss"]
[EventRounds "9"]
[EventCountry "ESP"]
[Source "lmi"]
[SourceDate "2009.12.02"]

1. d4 Nf6 2. c4 e6 3. Nf3 Bb4+ 4. Bd2 Qe7 5. g3 Nc6 6. Bg2 Bxd2+ 7. Nbxd2 a5 8.
O-O d6 9. e4 e5 10. d5 Nb8 11. Ne1 Bg4 12. f3 Bd7 13. Nd3 Na6 14. f4 O-O 15. f5
g5 16. a4 c6 17. g4 h6 18. Qf3 Kg7 19. b3 c5 20. Qg3 Rh8 21. Rae1 Nb4 22. Nxb4
axb4 23. Re2 1/2-1/2

[Event "30. Open El Corte Inglés 2009 "]
[Site "Las Palmas de Gran Canaria"]
[Date "2009.12.05"]
[Round "4.5"]
[White "Angel Acosta, Juan Carlos"]
[Black "Galvan Sarmiento, Jose Luis"]
[Result "1-0"]
[WhiteElo "2197"]
[BlackElo "2017"]
[PlyCount "57"]
[EventDate "2009.12.02"]
[EventType "swiss"]
[EventRounds "9"]
[EventCountry "ESP"]
[Source "lmi"]
[SourceDate "2009.12.02"]

1. d4 d5 2. Nf3 Nf6 3. c4 c6 4. Qc2 e6 5. g3 Nbd7 6. Bg2 Be7 7. O-O O-O 8. Nbd2
Re8 9. b3 b6 10. e4 dxe4 11. Nxe4 Bb7 12. Rd1 Qc8 13. Bb2 Qc7 14. Ne5 Rad8 15.
Ng5 Rf8 16. Bh3 h6 17. Ngxf7 Rxf7 18. Bxe6 Nxe5 19. dxe5 Bc8 20. Bxf7+ Kxf7 21.
exf6 Bxf6 22. Bxf6 Kxf6 23. Qc3+ Kg6 24. Rxd8 Qxd8 25. Qf3 Bb7 26. Rd1 Qe7 27.
Qd3+ Kh5 28. Qf5+ g5 29. Qd7 1-0

[Event "30. Open El Corte Inglés 2009 "]
[Site "Las Palmas de Gran Canaria"]
[Date "2009.12.05"]
[Round "4.6"]
[White "Arencibia Jimenez, Jose Francis"]
[Black "Gonzalez Perez, Lutgarda"]
[Result "0-1"]
[WhiteElo "1736"]
[BlackElo "2153"]
[PlyCount "106"]
[EventDate "2009.12.02"]
[EventType "swiss"]
[EventRounds "9"]
[EventCountry "ESP"]
[Source "lmi"]
[SourceDate "2009.12.02"]

1. d4 d5 2. c4 c6 3. Nf3 Nf6 4. Nc3 g6 5. Bf4 Bg7 6. Qc1 O-O 7. Bh6 Nbd7 8.
Bxg7 Kxg7 9. e3 Qa5 10. Be2 dxc4 11. Bxc4 b5 12. Be2 b4 13. Nb1 Ba6 14. Bxa6
Qxa6 15. Nbd2 Rac8 16. Qc4 Qb7 17. O-O c5 18. Nb3 cxd4 19. Qxd4 Rc2 20. Rfc1
Rfc8 21. Ne1 Rxc1 22. Rxc1 Rxc1 23. Nxc1 Qc7 24. Qd1 Nb6 25. Qc2 Qd6 26. Qd3
Qe5 27. Qd4 Qxd4 28. exd4 Nfd5 29. Nc2 Kf6 30. g3 Nc4 31. Nd3 a5 32. Kf1 Ke6
33. Ke2 Kd6 34. h3 h5 35. Ne3 Ndxe3 36. fxe3 Kd5 37. b3 Nd6 38. Nc5 Ne4 39. Nb7
Nxg3+ 40. Kf3 Ne4 41. Nxa5 Nc3 42. Kf4 Nxa2 43. Nc4 Nc1 44. Nd2 f6 45. h4 Ne2+
46. Kf3 Nc3 47. Kf4 Ke6 48. Nc4 Ne2+ 49. Kf3 Nc1 50. Nd2 g5 51. hxg5 fxg5 52.
e4 Kf6 53. Kg2 g4 0-1

[Event "30. Open El Corte Inglés 2009 "]
[Site "Las Palmas de Gran Canaria"]
[Date "2009.12.05"]
[Round "4.7"]
[White "Navarro Molina, David"]
[Black "Martin Hernandez, Ruben"]
[Result "0-1"]
[WhiteElo "1965"]
[BlackElo "1987"]
[PlyCount "70"]
[EventDate "2009.12.02"]
[EventType "swiss"]
[EventRounds "9"]
[EventCountry "ESP"]
[Source "lmi"]
[SourceDate "2009.12.02"]

1. d4 Nc6 2. Nf3 d6 3. c4 Nf6 4. Nc3 g6 5. e4 Bg7 6. Be2 O-O 7. O-O Bg4 8. Be3
Nd7 9. Qd2 Bxf3 10. Bxf3 e5 11. dxe5 dxe5 12. Bg5 Bf6 13. Bh6 Bg7 14. Bg5 Bf6
15. Bh6 Nb6 16. Nd5 Bg7 17. c5 Bxh6 18. Qxh6 Nd7 19. Rad1 Nd4 20. Bg4 Nf6 21.
Nxf6+ Qxf6 22. f4 Rad8 23. Rd3 exf4 24. Rh3 Qg7 25. Qxf4 Ne6 26. Qf2 Ng5 27.
Ra3 Nxe4 28. Qe2 Nxc5 29. Rf4 Rd4 30. Rf1 Rb4 31. Rc3 Na4 32. Rxc7 Qd4+ 33. Kh1
Qxg4 34. Rfxf7 Rxf7 35. Qe8+ Rf8 0-1

[Event "30. Open El Corte Inglés 2009 "]
[Site "Las Palmas de Gran Canaria"]
[Date "2009.12.05"]
[Round "4.8"]
[White "Guardia Bencomo, Tomas"]
[Black "Hernandez Leon, Alberto"]
[Result "0-1"]
[WhiteElo "1910"]
[BlackElo "2241"]
[PlyCount "48"]
[EventDate "2009.12.02"]
[EventType "swiss"]
[EventRounds "9"]
[EventCountry "ESP"]
[Source "lmi"]
[SourceDate "2009.12.02"]

1. c4 g6 2. Nc3 Bg7 3. g3 e5 4. Bg2 d6 5. d3 f5 6. e4 Nc6 7. Nge2 Nf6 8. Rb1
O-O 9. O-O h6 10. f4 fxe4 11. Nxe4 Nxe4 12. dxe4 Bg4 13. Qd5+ Kh7 14. Nc3 Qd7
15. Be3 exf4 16. gxf4 Nd4 17. f5 gxf5 18. exf5 c6 19. Qe4 Bxf5 20. Rxf5 Nxf5
21. Bh3 Rae8 22. Qd3 Qe6 23. Ne4 Qxe4 24. Bxf5+ Rxf5 0-1

[Event "30. Open El Corte Inglés 2009 "]
[Site "Las Palmas de Gran Canaria"]
[Date "2009.12.05"]
[Round "4.9"]
[White "Garcia Blanco, Omar"]
[Black "Aalbersberg Kroon, Pedro"]
[Result "1-0"]
[WhiteElo "2237"]
[BlackElo "1906"]
[PlyCount "74"]
[EventDate "2009.12.02"]
[EventType "swiss"]
[EventRounds "9"]
[EventCountry "ESP"]
[Source "lmi"]
[SourceDate "2009.12.02"]

1. e4 e5 2. Nf3 Nc6 3. Bc4 Nf6 4. d3 Be7 5. O-O d6 6. c3 O-O 7. Bb3 Bg4 8. Nbd2
Qd7 9. Re1 Rad8 10. Qe2 Ne8 11. Nc4 Bh5 12. Ne3 Na5 13. Bc2 g6 14. d4 Ng7 15.
dxe5 dxe5 16. Nxe5 Bxe2 17. Nxd7 Rxd7 18. Rxe2 Rfd8 19. Nd5 Ne6 20. b4 Nc4 21.
Bb3 Nb6 22. Be3 Nc8 23. f4 Nd6 24. Bf2 b6 25. Rf1 Kg7 26. Nxe7 Rxe7 27. Bh4 g5
28. fxg5 Kg6 29. Rf6+ Kg7 30. e5 Nb5 31. Rf3 Nbd4 32. cxd4 Nxd4 33. Kf2 Nxe2
34. g6 Rd2 35. Bxe7 Nd4+ 36. Ke3 Nxf3 37. gxf3 Rxh2 1-0

[Event "30. Open El Corte Inglés 2009 "]
[Site "Las Palmas de Gran Canaria"]
[Date "2009.12.05"]
[Round "4.10"]
[White "Morales Camacho, Julian"]
[Black "Kleine, Peter"]
[Result "1-0"]
[WhiteElo "2234"]
[BlackElo "1901"]
[PlyCount "69"]
[EventDate "2009.12.02"]
[EventType "swiss"]
[EventRounds "9"]
[EventCountry "ESP"]
[Source "lmi"]
[SourceDate "2009.12.02"]

1. Nf3 Nf6 2. d4 d5 3. c4 c6 4. e3 Nbd7 5. Nbd2 Qc7 6. cxd5 cxd5 7. Bd3 b6 8.
Qe2 e6 9. O-O Bb7 10. e4 dxe4 11. Nxe4 Be7 12. Bg5 O-O 13. Bh4 h6 14. Nc3 Rfc8
15. Rad1 Qd8 16. Bc4 Bxf3 17. gxf3 Nh5 18. Bg3 Bg5 19. Ba6 Rc7 20. f4 Nxf4 21.
Qf3 Nf6 22. Bxf4 Bxf4 23. Qxf4 Rd7 24. Be2 Rc8 25. Bb5 Nd5 26. Nxd5 Rxd5 27.
Bd3 Rg5+ 28. Kh1 f5 29. f3 Qd5 30. b3 Rg4 31. Qe5 Rxd4 32. Qxd5 Rxd5 33. Bc4
Re5 34. Rfe1 Ra5 35. Bxe6+ 1-0

[Event "30. Open El Corte Inglés 2009 "]
[Site "Las Palmas de Gran Canaria"]
[Date "2009.12.06"]
[Round "5.1"]
[White "Kurajica, Bojan"]
[Black "Belezky, Alexander"]
[Result "1/2-1/2"]
[WhiteElo "2517"]
[BlackElo "2455"]
[PlyCount "32"]
[EventDate "2009.12.02"]
[EventType "swiss"]
[EventRounds "9"]
[EventCountry "ESP"]
[Source "lmi"]
[SourceDate "2009.12.02"]

1. d4 Nf6 2. Nf3 g6 3. g3 Bg7 4. Bg2 d6 5. b3 c5 6. c4 O-O 7. O-O d5 8. cxd5
Nxd5 9. Bb2 Nc6 10. Qd2 Nc7 11. Rd1 cxd4 12. Nxd4 Nxd4 13. Bxd4 Qxd4 14. Qxd4
Bxd4 15. Rxd4 Nb5 16. Rd2 Rb8 1/2-1/2

[Event "30. Open El Corte Inglés 2009 "]
[Site "Las Palmas de Gran Canaria"]
[Date "2009.12.06"]
[Round "5.2"]
[White "Gutierrez Olivares, Daniel"]
[Black "Barlov, Dragan"]
[Result "1/2-1/2"]
[WhiteElo "2177"]
[BlackElo "2488"]
[PlyCount "67"]
[EventDate "2009.12.02"]
[EventType "swiss"]
[EventRounds "9"]
[EventCountry "ESP"]
[Source "lmi"]
[SourceDate "2009.12.02"]

1. Nf3 Nf6 2. e3 g6 3. b3 Bg7 4. Bb2 O-O 5. Be2 d6 6. c4 e5 7. d3 Nc6 8. Nbd2
Re8 9. e4 Nh5 10. g3 Bh3 11. Qc2 Bh6 12. O-O-O Qf6 13. Rdg1 Bg4 14. Kd1 Bxd2
15. Nxd2 Bxe2+ 16. Kxe2 Qe6 17. Kd1 f5 18. exf5 gxf5 19. f4 Nd4 20. Bxd4 exd4
21. Nf3 c5 22. Re1 Qg6 23. Rxe8+ Rxe8 24. Re1 Rxe1+ 25. Kxe1 Ng7 26. Qe2 Kf8
27. Nh4 Qf6 28. Kf2 Qf7 29. Qf3 Qe7 30. Qe2 Qc7 31. h3 Qc6 32. Qf3 Qa6 33. Qe2
Qc6 34. Qf3 1/2-1/2

[Event "30. Open El Corte Inglés 2009 "]
[Site "Las Palmas de Gran Canaria"]
[Date "2009.12.06"]
[Round "5.3"]
[White "Gonzalez Perez, Lutgarda"]
[Black "Ortega Hermida, Daniel"]
[Result "0-1"]
[WhiteElo "2153"]
[BlackElo "2390"]
[PlyCount "86"]
[EventDate "2009.12.02"]
[EventType "swiss"]
[EventRounds "9"]
[EventCountry "ESP"]
[Source "lmi"]
[SourceDate "2009.12.02"]

1. d4 Nf6 2. Nf3 c5 3. c3 Qa5 4. Nbd2 cxd4 5. Nb3 Qb6 6. Qxd4 Qc7 7. g3 Nc6 8.
Qd1 h6 9. Bg2 e5 10. O-O a5 11. a4 d5 12. Re1 Be6 13. Bd2 Qb6 14. Rc1 Ng4 15.
e3 d4 16. Na1 dxe3 17. Bxe3 Nxe3 18. Rxe3 Bc5 19. Re2 O-O 20. Qe1 f6 21. Nc2
Rad8 22. Ne3 f5 23. Nd2 e4 24. Nec4 Qc7 25. Kh1 Rd3 26. b3 Rfd8 27. Nb2 Ne5 28.
h3 Ba3 29. Ndc4 Bxc4 30. bxc4 R3d7 31. Rb1 Bxb2 32. Rexb2 Nd3 33. Qe2 Nxb2 34.
Rxb2 Rd3 35. Qh5 Qf7 36. Qxf7+ Kxf7 37. Rxb7+ R8d7 38. Rb5 g6 39. Rxa5 Rxc3 40.
Rb5 Rxc4 41. a5 Ra4 42. Bf1 Rd2 43. Kg1 Ra1 0-1

[Event "30. Open El Corte Inglés 2009 "]
[Site "Las Palmas de Gran Canaria"]
[Date "2009.12.06"]
[Round "5.4"]
[White "Tatai, Stefano"]
[Black "Angel Acosta, Juan Carlos"]
[Result "1/2-1/2"]
[WhiteElo "2347"]
[BlackElo "2197"]
[PlyCount "66"]
[EventDate "2009.12.02"]
[EventType "swiss"]
[EventRounds "9"]
[EventCountry "ESP"]
[Source "lmi"]
[SourceDate "2009.12.02"]

1. e4 c5 2. Nf3 e6 3. d4 cxd4 4. Nxd4 a6 5. Nc3 Qc7 6. g3 Bb4 7. Bd2 Nc6 8.
Nxc6 bxc6 9. Bg2 Nf6 10. O-O Be7 11. Re1 e5 12. Na4 d6 13. c4 c5 14. Nc3 O-O
15. Qc2 Bb7 16. Nd5 Bxd5 17. cxd5 Qb6 18. Rab1 Rfc8 19. Bh3 Rc7 20. Qa4 Rb7 21.
Bf1 a5 22. Re3 Bd8 23. Rb3 Qa7 24. Bb5 Rab8 25. Qc4 Nxe4 26. Qxe4 Rxb5 27. Rxb5
Rxb5 28. f4 Bf6 29. Bc3 Rb8 30. Re1 g6 31. Qa4 c4+ 32. Kf1 Qc5 33. Qc6 Qxc6
1/2-1/2

[Event "30. Open El Corte Inglés 2009 "]
[Site "Las Palmas de Gran Canaria"]
[Date "2009.12.06"]
[Round "5.5"]
[White "Martin Hernandez, Ruben"]
[Black "Menvielle Laccourreye, Augusto"]
[Result "0-1"]
[WhiteElo "1987"]
[BlackElo "2281"]
[PlyCount "102"]
[EventDate "2009.12.02"]
[EventType "swiss"]
[EventRounds "9"]
[EventCountry "ESP"]
[Source "lmi"]
[SourceDate "2009.12.02"]

1. e4 c5 2. Nf3 d6 3. d4 cxd4 4. Nxd4 Nf6 5. Nc3 a6 6. h3 Nc6 7. g4 Qb6 8. Nb3
e6 9. Bg2 Qc7 10. O-O b5 11. Nd4 Bb7 12. Nxc6 Bxc6 13. a3 Be7 14. Qe2 Qb7 15.
f4 Nd7 16. Bd2 O-O 17. Rad1 Rfe8 18. Be3 a5 19. e5 d5 20. Qf2 b4 21. axb4 axb4
22. Ne2 Bb5 23. Rfe1 Bxe2 24. Rxe2 Rec8 25. Bd4 Rc4 26. c3 bxc3 27. bxc3 Bc5
28. Re3 Qb3 29. Rd2 Ra3 30. Bxc5 Rxc5 31. Rb2 Qa4 32. Rb4 Qc6 33. c4 Ra1+ 34.
Re1 Rxe1+ 35. Qxe1 Rxc4 36. Rxc4 Qxc4 37. Qe3 h6 38. Bf1 Qb4 39. Kf2 Nc5 40.
Be2 d4 41. Qf3 Qd2 42. Kf1 d3 43. Bd1 Ne4 44. Qxe4 Qxd1+ 45. Kf2 Qc2+ 46. Kf3
Qh2 47. Qxd3 Qxh3+ 48. Ke4 Qxg4 49. Qd8+ Kh7 50. Qe7 Qf5+ 51. Ke3 g5 0-1

[Event "30. Open El Corte Inglés 2009 "]
[Site "Las Palmas de Gran Canaria"]
[Date "2009.12.06"]
[Round "5.6"]
[White "Hernandez Leon, Alberto"]
[Black "Hallerod, Ralph"]
[Result "1/2-1/2"]
[WhiteElo "2241"]
[BlackElo "2102"]
[PlyCount "50"]
[EventDate "2009.12.02"]
[EventType "swiss"]
[EventRounds "9"]
[EventCountry "ESP"]
[Source "lmi"]
[SourceDate "2009.12.02"]

1. d4 Nf6 2. c4 e6 3. Nf3 d5 4. g3 Be7 5. Bg2 O-O 6. O-O Nbd7 7. Nbd2 c6 8. Qc2
Qc7 9. e4 dxe4 10. Nxe4 e5 11. dxe5 Nxe5 12. Bf4 Nxf3+ 13. Bxf3 Qa5 14. Nd6
Bxd6 15. Bxd6 Re8 16. c5 Be6 17. a3 Bd5 18. b4 Qd8 19. Bxd5 Nxd5 20. Qb3 Qf6
21. Rfe1 Re6 22. Rad1 Rae8 23. Rxe6 Rxe6 24. Qd3 h6 25. Kg2 a6 1/2-1/2

[Event "30. Open El Corte Inglés 2009 "]
[Site "Las Palmas de Gran Canaria"]
[Date "2009.12.06"]
[Round "5.7"]
[White "Herrera Reyes, Jose Antonio"]
[Black "Garcia Blanco, Omar"]
[Result "0-1"]
[WhiteElo "2103"]
[BlackElo "2237"]
[PlyCount "76"]
[EventDate "2009.12.02"]
[EventType "swiss"]
[EventRounds "9"]
[EventCountry "ESP"]
[Source "lmi"]
[SourceDate "2009.12.02"]

1. e4 c5 2. d3 g6 3. g3 Bg7 4. Bg2 Nc6 5. f4 e6 6. Nf3 Nge7 7. O-O O-O 8. Nc3
b6 9. Nb5 d5 10. e5 Ba6 11. a4 Qd7 12. c3 Rad8 13. Re1 c4 14. b3 cxb3 15. Ba3
Na5 16. Nd6 Rb8 17. Nd4 Rfd8 18. Bh3 Nec6 19. Nxf7 Nxd4 20. Nxd8 Nf5 21. g4 Nh6
22. Nxe6 Qxe6 23. Qf3 Bc8 24. f5 gxf5 25. gxf5 Nxf5 26. Rf1 Qg6+ 27. Kh1 Ng3+
28. hxg3 Bxh3 29. Qxd5+ Be6 30. Qd6 Qh6+ 31. Kg1 Qe3+ 32. Kg2 Qxe5 33. Qxe5
Bxe5 34. d4 Bg7 35. Rae1 Bd5+ 36. Kh2 Nc4 37. Bc1 b2 38. Bf4 Rf8 0-1

[Event "30. Open El Corte Inglés 2009 "]
[Site "Las Palmas de Gran Canaria"]
[Date "2009.12.06"]
[Round "5.8"]
[White "Morales Quintero, Jose Miguel"]
[Black "Morales Camacho, Julian"]
[Result "0-1"]
[WhiteElo "2091"]
[BlackElo "2234"]
[PlyCount "68"]
[EventDate "2009.12.02"]
[EventType "swiss"]
[EventRounds "9"]
[EventCountry "ESP"]
[Source "lmi"]
[SourceDate "2009.12.02"]

1. c4 e6 2. Nc3 d5 3. d4 Nf6 4. Nf3 Bb4 5. a3 Bxc3+ 6. bxc3 Ne4 7. Qc2 c5 8.
cxd5 exd5 9. e3 Qa5 10. Bb2 O-O 11. Bd3 Re8 12. O-O c4 13. Be2 Nd7 14. Nd2 Nb6
15. f3 Nxd2 16. Qxd2 Bf5 17. Rfe1 Re6 18. g4 Bg6 19. Bf1 Rae8 20. Bg2 Qb5 21.
a4 Nxa4 22. Ba3 Bd3 23. e4 dxe4 24. fxe4 Bxe4 25. d5 Qxd5 26. Qxd5 Bxd5 27.
Rxe6 fxe6 28. Bb4 b5 29. Bf1 Ra8 30. Rc1 a5 31. Bd6 Ra6 32. Be5 Nc5 33. Rb1 Nb3
34. Be2 a4 0-1